Progress in the oceanographic knowledge of chiliean interior waters, fron Puerto Montt to Cape Horn

Salvato in:
Dettagli Bibliografici
Autore principale: Silva Sandoval, Nelson (Autore)
Altri autori: Palma González, Sergio Servando (autor)
Natura: Libro
Lingua:inglese
Pubblicazione: Valparaíso CONA 2008
Soggetti:
Tags: Aggiungi Tag
Nessun Tag, puoi essere il primo ad aggiungerne!!

MARC

LEADER 00000nam a2200000 a 4500
001 UCH4570
003 CL-VaPUC
008 090827e20080000CL |||||||||||||||||eng|d
082 0 4 |a 551.4701  |b SIL  |2 21 
100 0 |a Silva Sandoval, Nelson  |e author  |9 540154 
700 |a Palma González, Sergio Servando  |e autor  |9 525305 
245 1 0 |a Progress in the oceanographic knowledge of chiliean interior waters, fron Puerto Montt to Cape Horn 
300 |a 161 p 
942 |c BK 
945 |d 20090827 00:00:00  |a rbrito 
260 |a Valparaíso  |b CONA  |c 2008 
650 0 |a Corrientes marinas  |9 261372 
650 0 |a Mareas  |9 261385 
650 0 |a Oceanografía  |9 260014 
650 0 |a Topografía   |9 260423 
650 0 |a Geomorfología   |9 261377 
650 0 |a Océanos   |9 344473 
650 7 |a SEDIMENTO MARINO  |2 CL-VaPUC  |9 358476 
650 0 |a Fitoplancton   |9 261810 
650 0 |a Zooplancton  |9 261816 
583 |a last modification  |c 20090827 00:00:00  |k Rodrigo Vera 
999 |c 335850  |d 335848 
952 |0 0  |1 0  |4 0  |6 551_470100000000000_SIL_2008  |7 0  |8 CCM  |9 426590  |a BIBCUR  |b BIBCUR  |d 2019-11-22  |i 4592530  |o 551.4701 SIL 2008  |p 4592530  |r 2025-04-22  |w 2019-11-22  |y BK  |k CIM 
952 |0 0  |1 0  |4 0  |6 551_470100000000000_SIL_2008  |7 0  |8 CCM  |9 426591  |a BIBCUR  |b BIBCUR  |d 2019-11-22  |i 4609301  |o 551.4701 SIL 2008  |p 4609301  |r 2025-04-22  |w 2019-11-22  |y BK  |k CIM 
952 |0 0  |1 0  |4 0  |6 551_470100000000000_SIL_2008  |7 0  |8 CCM  |9 426592  |a BIBCUR  |b BIBCUR  |d 2019-11-22  |i 4618416  |o 551.4701 SIL 2008  |p 4618416  |r 2025-04-22  |w 2019-11-22  |y BK  |k CIM 
952 |0 0  |1 0  |4 0  |6 551_470100000000000_SIL_2008  |7 0  |8 CCM  |9 426593  |a BIBCUR  |b BIBCUR  |d 2019-11-22  |i 4618424  |o 551.4701 SIL 2008  |p 4618424  |r 2025-04-22  |w 2019-11-22  |y BK  |k CIM 
952 |0 0  |1 0  |4 0  |6 551_470100000000000_SIL_2008  |7 0  |8 CCM  |9 426594  |a BIBCUR  |b BIBCUR  |d 2019-11-22  |i 4618432  |o 551.4701 SIL 2008  |p 4618432  |r 2025-04-22  |w 2019-11-22  |y BK  |k CIM 
952 |0 0  |1 0  |4 0  |6 551_470100000000000_SIL_2008  |7 0  |8 CCM  |9 426595  |a BIBCUR  |b BIBCUR  |d 2019-11-22  |i 4618440  |o 551.4701 SIL 2008  |p 4618440  |r 2025-04-22  |w 2019-11-22  |y BK  |k CIM 
952 |0 0  |1 0  |4 0  |6 551_470100000000000_SIL_2008  |7 0  |8 CCM  |9 426596  |a BIBCUR  |b BIBCUR  |d 2019-11-22  |i 4618459  |o 551.4701 SIL 2008  |p 4618459  |r 2025-04-22  |w 2019-11-22  |y BK  |k CIM 
952 |0 0  |1 0  |4 0  |6 551_470100000000000_SIL_2008  |7 0  |8 CCM  |9 426597  |a BIBCUR  |b BIBCUR  |d 2019-11-22  |i 4618467  |o 551.4701 SIL 2008  |p 4618467  |r 2025-04-22  |w 2019-11-22  |y BK  |k CIM 
952 |0 0  |1 0  |4 0  |6 551_470100000000000_SIL_2008  |7 0  |8 CCM  |9 426598  |a BIBCUR  |b BIBCUR  |d 2019-11-22  |i 4618475  |o 551.4701 SIL 2008  |p 4618475  |r 2025-04-22  |w 2019-11-22  |y BK  |k CIM 
952 |0 0  |1 0  |4 0  |6 551_470100000000000_SIL_2008  |7 0  |8 CCM  |9 426599  |a BIBCUR  |b BIBCUR  |d 2019-11-22  |i 4618483  |o 551.4701 SIL 2008  |p 4618483  |r 2025-04-22  |w 2019-11-22  |y BK  |k CIM